<?xml version="1.0" encoding="UTF-8"?>
<record
    xmlns:xsi="http://www.w3.org/2001/XMLSchema-instance"
    xsi:schemaLocation="http://www.loc.gov/MARC21/slim http://www.loc.gov/standards/marcxml/schema/MARC21slim.xsd"
    xmlns="http://www.loc.gov/MARC21/slim">

  <leader>00765naa a2200217 a 4500</leader>
  <controlfield tag="001">81887</controlfield>
  <controlfield tag="003">BD-RjUL</controlfield>
  <controlfield tag="005">20230911110249.0</controlfield>
  <controlfield tag="008">230911s1970    p  ||||| |||| 00| 0 urd d</controlfield>
  <datafield tag="035" ind1=" " ind2=" ">
    <subfield code="a">(BD-RjUL)81887</subfield>
  </datafield>
  <datafield tag="040" ind1=" " ind2=" ">
    <subfield code="a">BD-RjUL</subfield>
    <subfield code="b">eng</subfield>
    <subfield code="c">BD-RjUL</subfield>
  </datafield>
  <datafield tag="041" ind1=" " ind2=" ">
    <subfield code="a">urd</subfield>
  </datafield>
  <datafield tag="082" ind1=" " ind2=" ">
    <subfield code="2">23</subfield>
    <subfield code="a">891.439092</subfield>
    <subfield code="b">LAT 1970</subfield>
  </datafield>
  <datafield tag="100" ind1=" " ind2=" ">
    <subfield code="a"> Lucknowi, Syed Mohsin Ali Mohsin    ;;  &#x644;&#x6A9;&#x6BE;&#x646;&#x648;&#x6CC;&#x66B; &#x633;&#x6CC;&#x62F; &#x645;&#x62D;&#x633;&#x646; &#x639;&#x644;&#x6CC; &#x645;&#x62D;&#x633;&#x646;    </subfield>
    <subfield code="9">8887</subfield>
  </datafield>
  <datafield tag="245" ind1="1" ind2="0">
    <subfield code="a"> &#x62A;&#x630;&#x643;&#x631;&#x647; &#x633;&#x631;&#x627;&#x67E;&#x627; &#x633;&#x627;&#x62E;&#x646; ;; Tazkira sarapasukhan /</subfield>
    <subfield code="c">Syed Mohsin Ali Mohsin Lucknowi  ;;  &#x633;&#x6CC;&#x62F; &#x645;&#x62D;&#x633;&#x646; &#x639;&#x644;&#x6CC; &#x645;&#x62D;&#x633;&#x646; &#x644;&#x6A9;&#x6BE;&#x646;&#x648;&#x6CC;</subfield>
  </datafield>
  <datafield tag="260" ind1=" " ind2=" ">
    <subfield code="a">Lahore :</subfield>
    <subfield code="b">Azhar sanj,</subfield>
    <subfield code="c">1970</subfield>
  </datafield>
  <datafield tag="300" ind1=" " ind2=" ">
    <subfield code="a">139 p. ;</subfield>
    <subfield code="c">23 cm</subfield>
  </datafield>
  <datafield tag="600" ind1=" " ind2=" ">
    <subfield code="a">&#x644;&#x6A9;&#x6BE;&#x646;&#x648;&#x6CC;&#x66B; &#x633;&#x6CC;&#x62F; &#x645;&#x62D;&#x633;&#x646; &#x639;&#x644;&#x6CC; &#x645;&#x62D;&#x633;&#x646;</subfield>
  </datafield>
  <datafield tag="650" ind1=" " ind2=" ">
    <subfield code="a">Biography</subfield>
  </datafield>
  <datafield tag="942" ind1=" " ind2=" ">
    <subfield code="2">ddc</subfield>
    <subfield code="c">BK</subfield>
  </datafield>
  <datafield tag="999" ind1=" " ind2=" ">
    <subfield code="c">81887</subfield>
    <subfield code="d">81887</subfield>
  </datafield>
  <datafield tag="952" ind1=" " ind2=" ">
    <subfield code="0">0</subfield>
    <subfield code="1">0</subfield>
    <subfield code="2">ddc</subfield>
    <subfield code="4">0</subfield>
    <subfield code="7">1</subfield>
    <subfield code="8">NFIC</subfield>
    <subfield code="a">RUCL</subfield>
    <subfield code="b">RUCL</subfield>
    <subfield code="c">Reading</subfield>
    <subfield code="d">2023-09-11</subfield>
    <subfield code="e">Iqbal Academy , Pakistan</subfield>
    <subfield code="o">U 891.439092 LAT 1970</subfield>
    <subfield code="r">2023-09-11 00:00:00</subfield>
    <subfield code="t">C-1</subfield>
    <subfield code="y">BK</subfield>
  </datafield>
</record>
